000 00714nam a2200253Ia 4500
003 OSt
005 20220918174006.0
006 a|||||r|||| 00| 0
007 ta
008 220917b |||||||| |||| 00| 0 eng d
024 _a9,665
037 _cTextual
040 _aARTS
_cARTS
_beng
041 _2eng
_aeng
082 _aM1, J9
100 _aRichards Charles Granston. comp
_948732
245 0 _aProvision of popular reading materials
260 _aUnesco
_bPrinted In Therlands
_c1959
300 _a298p
_ccm.
490 _aMonographs on fundamental education
650 _aINDUSTRIAL ARTS
942 _hM1, J9
_cTEXL
_2CC
999 _c151303
_d151303